I 10 comuni più popolosi del Veneto - Statistics

Statistiche generali
  • Questo quiz è stato fatto 104 volte
  • Il punteggio medio è 8 su 10
Statistiche sulle risposte
POPOLAZIONE COMUNE % Corretto
207.301 Padova
100%
250.369 Venezia
100%
255.643 Verona
99%
110.830 Vicenza
98%
85.282 Treviso
90%
50.099 Rovigo
89%
42.434 Bassano del Grappa
58%
47.570 Chioggia
54%
41.883 San Donà di Piave
39%
38.848 Schio
33%
Nessun quiz corrispondente trovato
Distribuzione punteggi
Percentuale di utenti per punteggio
Percentile per numero di risposta
I tuoi punteggi nel tempo
Non hai fatto questo quiz